00356nam a2200157Ia 4500003000400000005001700004008004100021040000700062041000800069082001500077100002000092245002600112260003800138300001400176365000800190OSt20230327100914.0210423s1981 xx 000 0 und d cAL aeng a658.8 SAXR aSAXENA (Rajan). aMarketing management. aNew DelhibTata McGraw-hillc1981 axviii,530 b365